| 000 | 01143nam a2200241Ia 4500 | ||
|---|---|---|---|
| 999 |
_c43335 _d43335 |
||
| 001 | 10063 | ||
| 003 | GE_BSU | ||
| 005 | 20250113164137.0 | ||
| 008 | 181216s2014||||ge |||||||||||||| ||geo|| | ||
| 020 | _a9789941434761 | ||
| 040 | _cGE_BSU | ||
| 041 | _ageo | ||
| 080 | _a576.3(075.8)+611დ-72 | ||
| 100 |
_aდოლიძე, ქეთევან _9333 |
||
| 245 |
_aზოგადი ჰისტოლოგია : _bსახელმძღვ.უმაღლ.სასწავლებლების სტუდენტებისათვის / _cქეთინო დოლიძე, რედ.რუსუდან ხუხუნაიშვილი |
||
| 264 |
_aბათუმი: _bშოთა რუსთაველის სახელმწ.უნ-ტის გამ-ბა, _c2014. |
||
| 300 |
_a216გვ; _bილ; _c19 სმ. |
||
| 653 | _aზოგადი ჰისტოლოგია | ||
| 653 | _aბიოლოგია | ||
| 653 | _aმედიცინა | ||
| 700 |
_aხუხუნაიშვილი, რუსუდან _eრედაქტორი _93241 |
||
| 942 |
_cBK _2udc |
||